000 00519nam a2200193 a 4500
005 20230608064039.0
008 100826s1981 mx r 000 0 spa d
020 _a9688230685
035 _aUPN01000177520
049 _aCG
050 4 _aQ175
_bR6.5a
100 1 _aRosenblueth, Arturo,
_d1900-
245 1 3 _aEl método científico /
_cArturo Rosenblueth.
260 _aMéxico :
_bCONACYT,
_c1981.
300 _a110 p.
440 0 _aCiencia y desarrollo
650 4 _aCiencia
_xMetodología
_95804
905 _aLibro
999 _c149623
_d149623